Countries with the most people of Chinese descent - Statistics

General Stats
  • This quiz has been taken 78 times
  • The average score is 13 of 15
Answer Stats
Answer % Correct
4 USA
99%
6 Canada
97%
1 Malaysia
91%
15 Russia
91%
2 Thailand
91%
13 Australia
90%
3 Indonesia
90%
9 Philippines
90%
5 Singapore
90%
12 South Korea
90%
14 Japan
88%
7 Vietnam
88%
10 Myanmar
78%
11 Cambodia
77%
8 Perú
26%
No matching quizzes found
Score Distribution
Percent of People with Each Score
Percentile by Number Answered
Your Score History
You have not taken this quiz